[Event "LSS WC-2014-P-00013"]
[Site "LSS email"]
[Date "2010.02.18"]
[Round "?"]
[White "Barbosa de Oliveira, Marcio"]
[Black "Krueger, Hilmar"]
[Result "1/2-1/2"]
[WhiteElo "2194"]
[BlackElo "2218"]
[PlyCount "43"]
[EventDate "2010.02.24"]
[EventType "tourn (corr)"]
[EventRounds "10"]
[EventCountry "GER"]
[SourceTitle "Telechess CBM 141"]
[Source "ChessBase"]
[SourceDate "2011.03.17"]
[SourceVersion "1"]
[SourceVersionDate "2011.03.17"]
[SourceQuality "1"]

1. d4 Nf6 2. c4 e6 3. Nf3 b6 4. g3 Ba6 5. b3 d5 6. cxd5 exd5 7. Bg2 Bd6 8. 0-0 0-0 9. Nc3 Nbd7 10. Bb2 Re8 11. Rc1 Rc8 12. Re1 Bb7 13. a3 c6 14. b4 b5 15. Nd2 a5 16. bxa5 Qxa5 17. e4 dxe4 18. Ncxe4 Bf8 19. Nxf6+ Nxf6 20. Nb3 Qxe1+ 21. Qxe1 Rxe1+ 22. Rxe1 1/2-1/2

[Event "LSS WC-2014-P-00013"]
[Site "LSS email"]
[Date "2010.02.18"]
[Round "?"]
[White "Petersen, Hans"]
[Black "Barbosa de Oliveira, Marcio"]
[Result "0-1"]
[WhiteElo "1680"]
[BlackElo "2204"]
[PlyCount "94"]
[EventDate "2010.02.24"]
[EventType "tourn (corr)"]
[EventRounds "10"]
[EventCountry "GER"]
[SourceTitle "Telechess CBM 141"]
[Source "ChessBase"]
[SourceDate "2011.03.17"]
[SourceVersion "1"]
[SourceVersionDate "2011.03.17"]
[SourceQuality "1"]

1. d4 Nf6 2. c4 g6 3. Nc3 d5 4. cxd5 Nxd5 5. e4 Nxc3 6. bxc3 Bg7 7. Bc4 0-0 8. Ne2 c5 9. 0-0 Nc6 10. Be3 Bg4 11. f3 Na5 12. Bd3 cxd4 13. cxd4 Be6 14. d5 Bxa1 15. Qxa1 f6 16. Bh6 Re8 17. Kh1 Rc8 18. Nf4 Bd7 19. e5 Nc4 20. e6 Ba4 21. Nxg6 hxg6 22. Bxg6 Ne5 23. Be4 Bc2 24. Bxc2 Rxc2 25. Qd1 Qc7 26. f4 Qc4 27. fxe5 Qe2 28. Qxe2 Rxe2 29. exf6 exf6 30. h4 Re5 31. Rxf6 Rxd5 32. Bf4 Rd1+ 33. Kh2 Re1 34. Rf7 Rb1 35. Rf6 Rb6 36. Rg6+ Kh7 37. Rh6+ Kg7 38. a3 Rexe6 39. Rxe6 Rxe6 40. Kh3 b5 41. g4 a5 42. h5 b4 43. axb4 axb4 44. g5 b3 45. Bc1 Re2 46. Kg4 b2 47. Bxb2+ Rxb2 0-1